QCM Second Empire. - Statistiques

Statistiques générales
  • Ce quiz a été pris 2 516 fois
    1 901 depuis la dernière actualisation
  • Le résultat moyen est 11 sur 15
Statistiques - réponses
Question Réponse % Correct
Quelle bataille donna lieu à l'abdication de Napoléon III? La bataille de Sedan
90%
Quel célèbre auteur français s'est opposé à Napoléon III? Victor Hugo
89%
A quelle date a-t-elle eu lieu? 1 septembre 1870
87%
Quelle guerre mis fin au Second Empire? Guerre de 70
87%
Quelle guerre opposa la Russie à la France alliée aux Anglais de 1853 à 1856? La guerre de Crimée
86%
A quelle régime succède le Second Empire? La IIe République
85%
Quel chancelier prussien a fait provoquer ce conflit? Otto von Bismarck
83%
Quel régime succède au Second Empire? La IIIe République
79%
Qui est Napoléon Ier pour Napoléon III? Son oncle
76%
En quelle année? 1852
70%
Contre quel état? l'Autriche-Hongrie
66%
À quel souverain Napoléon III apporta-t-il son aide lors de la réunification italienne? Victor-Emmanuel II
66%
Comment se nomme l'épouse de Napoléon III? Eugénie de Montijo
64%
Qui Napoléon III mit-il sur le trône du Mexique en 1864? Maximilien de Habsbourg-Lorraine
52%
Quel Mexicain dirigea la révolution contre ce souverain? Juarez
29%
Aucun quiz correspondant
Distribution des résultats
% des personnes avec chaque résultat
Percentile par nombre de réponses
Votre historique - résultats
Vous n’avez pas pris ce quiz depuis la dernière actualisation